[Event "EU-ch 2nd"]
[Site "Ohrid"]
[Date "2001.06.09"]
[Round "8.44"]
[White "Korobov, Anton"]
[Black "Psakhis, Lev"]
[Result "0-1"]
[WhiteElo "2405"]
[BlackElo "2575"]
[Annotator "Psakhis,L"]
[PlyCount "92"]
[EventDate "2001.06.01"]
[EventType "swiss"]
[EventRounds "13"]
[EventCountry "YUG"]
[SourceTitle "CBM 084"]
[Source "ChessBase"]
[SourceDate "2001.09.13"]
[SourceVersion "1"]
[SourceVersionDate "2001.09.13"]
[SourceQuality "1"]

1. d4 e6 2. c4 Nf6 3. Nf3 b6 4. g3 Ba6 5. Nbd2 Bb7 6. Bg2 c5 7. e4 cxd4 8. O-O
d6 (8... Qc8 $5 9. e5 Ne4 10. Nxe4 Bxe4 11. Re1 Bxf3 12. Bxf3 Nc6 13. a3 Be7
14. b4 Rb8 15. Bxc6 dxc6 16. Qxd4 O-O 17. Be3 f5 18. Red1 {1/2-1/2 Tregubov,
P-Gurevich,M/Amsterdam Lost Boys op 2000/CBM 77 ext (18)}) 9. Nxd4 Nbd7 (9...
Qd7 10. a4 $1 Nc6 11. Nxc6 Bxc6 12. b4 Be7 13. b5 Bb7 14. a5 Rb8 15. axb6 axb6
16. Ra7 O-O 17. Bb2 $14 {1-0 Tregubov,P-Solozhenkin,E/Paris op Fide 1999 (33)})
10. b3 (10. Re1 $5 Qc7 11. a4 Be7 12. a5 a6 13. Qe2 O-O 14. N4b3 Rab8 15. axb6
Qxb6 16. Na5 Ba8 17. Ndb3 Rfe8 18. Be3 $36 {1-0 Tibensky,R-Vojtek,V/SVK exliga
9900 1999 (49)}) 10... a6 (10... Qc7 $5 11. Bb2 Be7 12. f4 O-O 13. f5 e5 14.
Nb5 Qc5+ 15. Kh1 a6 16. Nc3 b5 17. g4 h6 18. Qe2 bxc4 19. Nxc4 Nb6 20. Ne3 d5
$132 21. Nexd5 Nbxd5 22. exd5 Nxd5 23. Nxd5 {1/2-1/2 Shulman,Y-Budnikov,A/
Vladivostok 1994 (23)}) 11. Bb2 Qc7 12. Qe2 Be7 13. f4 O-O 14. Rac1 $146 (14.
g4 $5 g6 15. f5 e5 16. Nc2 d5 17. fxg6 hxg6 18. exd5 Nxd5 19. Qe4 $16 {1-0
Ivanov,M-Seuffert,G/Wuerzburg op 1998/EXT 2001 (56)}) 14... g6 $5 15. Kh1 (15.
g4 e5 $1) 15... Rac8 16. Nc2 $5 $14 {[%csl Gb2][%cal Gc2e3,Gf4f5]} Ne8 {
[%cal Ge7f6]} 17. g4 (17. f5 $5 Bf6 $11) 17... Bf6 18. Ba3 $5 {[%cal Re4e5,
Ga3f8]} Nc5 19. Ne3 Bg7 (19... Bd4 $5) 20. g5 $1 {[%cal Gh2h4,Ge3g4]} Qe7 21.
h4 f6 22. b4 Nd7 23. Qg4 f5 24. exf5 gxf5 (24... exf5 $6 {[%csl Gd5]}) 25. Qe2
Bxg2+ 26. Kxg2 a5 $1 27. Rfe1 (27. bxa5 $142 bxa5 28. Rb1 Nc5 29. Bxc5 dxc5 $14
) 27... axb4 28. Nd5 (28. Bxb4 Qf7 {[%cal Gd7c5]}) 28... Qf7 29. Qxe6 $2 (29.
Nxb4 Nc5 30. Nd3 Nc7 31. Rb1 $14) 29... Qxe6 30. Rxe6 bxa3 $1 31. Ne7+ Kf7 32.
Nxc8 Kxe6 33. Re1+ Be5 (33... Kf7 $4 34. Re7+ $18) (33... Ne5 34. Nxb6) 34.
fxe5 dxe5 35. Rb1 Nd6 $138 36. Nxb6 Nc5 37. Nd5 e4 (37... f4 $5 $36) 38. Nf4+
Ke5 39. Kg3 $1 Rc8 $1 (39... Ne6 40. Nxe6 Kxe6 41. Kf4 $16 {[%csl Gf4]}) 40.
Rd1 (40. Re1 {[%cal Rd2f3]} Kd4 $1) 40... Ne6 (40... Na4 $5) 41. Nf3+ $5 (41.
Nxe6 Kxe6 42. Kf4 (42. Rc1 Ke5 43. c5 Nb5) 42... Nxc4) (41. Nd3+ $5 Kd4 $8 (
41... exd3 42. Nf3+ Ke4 43. Re1#) 42. Nb3+ Kc3 $132) 41... exf3 42. Rd5+ $2 (
42. Nd3+ Kd4 (42... Ke4 43. Nf2+ Ke3 44. Re1+ Kd4 45. Rxe6 Nxc4 46. Kf4 $5) 43.
Nf4+ Ke5 $11) 42... Ke4 43. Nxe6 Nxc4 44. Rd7 f4+ $1 $19 45. Kf2 (45. Nxf4 f2
46. Kxf2 Ne5 47. Ra7 (47. Rxh7 Kxf4 {[%cal Rc8c2]}) 47... Kxf4 48. Rxa3 Rc2+
49. Ke1 Rh2 $19) 45... Nb2 $1 46. Rc7 (46. Rd4+ Ke5 47. Rd8 Rc2+ 48. Kxf3 Rc3+
49. Kg4 Rg3+ 50. Kh5 Kxe6 $19) 46... Nd3+ (46... Nd3+ 47. Kf1 Rb8 48. Nc5+ Nxc5
49. Rxc5 Rb1+ 50. Kf2 Rb2+ 51. Kf1 Rxa2 $19) 0-1

[Event "POL-chT 66th"]
[Site "Katowice"]
[Date "2010.09.11"]
[Round "8"]
[White "Szoen, Dariusz"]
[Black "Lagowski, Patryk"]
[Result "0-1"]
[WhiteElo "2448"]
[BlackElo "2322"]
[Annotator "RR"]
[PlyCount "84"]
[EventDate "2010.09.04"]
[EventType "team-tourn"]
[EventRounds "9"]
[EventCountry "POL"]
[SourceTitle "EXT 2016"]
[Source "ChessBase"]
[SourceDate "2015.10.08"]
[SourceVersion "1"]
[SourceVersionDate "2015.10.08"]
[SourceQuality "1"]
[WhiteTeam "Lublin"]
[BlackTeam "Szkola Grudziadz"]
[WhiteTeamCountry "POL"]
[BlackTeamCountry "POL"]

1. d4 Nf6 2. c4 e6 3. Nf3 b6 4. g3 Ba6 5. Nbd2 Bb4 6. a3 (6. Qb3 c5 7. Bg2 Nc6
8. O-O cxd4 9. Qa4 Bxd2 10. Bxd2 Qc8 11. Bf4 O-O 12. Rfd1 Re8 13. Nxd4 Nxd4 14.
Rxd4 e5 15. Rd6 Rb8 16. Bg5 Qxc4 17. Qa3 Bb7 18. Bxb7 Rxb7 19. Bxf6 gxf6 20.
Qf3 Rc7 21. b3 Qc2 22. Rxf6 d5 23. Qxd5 Qxe2 24. Rf5 Rce7 25. Rc1 Qg4 26. Rf6
Rd7 27. Qb5 Kg7 28. Rfc6 Qf5 29. Qe2 Red8 30. R6c4 Rd2 31. Qg4+ Qxg4 32. Rxg4+
Kf6 33. Rc6+ R8d6 34. Rgc4 Rxc6 35. Rxc6+ Kg7 {Gelfand,B (2743)-Leko,P (2723)
Beijing 2014 1/2-1/2}) (6. Qc2 {La grande ligne} Bb7 7. Bg2 Be4) 6... Bxd2+ 7.
Nxd2 Bb7 8. Nf3 d5 (8... O-O) (8... Bxf3 9. exf3 d5 10. b3 Nc6 {[%csl Rd4]
[%cal Gd5c4]} 11. Bb2 O-O 12. Bg2 Qd6 13. O-O dxc4 14. bxc4 Rad8 (14... Na5))
9. cxd5 Bxd5 10. Bg2 O-O 11. O-O Nbd7 12. Bf4 c5 13. Rc1 $146 (13. dxc5 {
Ivanchuk,V (2699)-Anand,V (2753) Corus Wijk aan Zee 2003 (6) 1/2}) 13... cxd4
$1 14. Nxd4 Bxg2 15. Kxg2 e5 16. Nc6 Qe8 17. Bg5 Nc5 $132 {[%cal Ga8d8]} 18.
Nb4 Nfe4 19. Be3 Rd8 20. Qc2 a5 21. Nd3 (21. Na6 $5 {[%cal Gc2e4]}) 21... Qb5 (
21... Nxd3 $142 22. exd3) 22. Nxe5 Nb3 23. Rcd1 (23. Qxe4 Nxc1 24. Rxc1) 23...
Rxd1 24. Rxd1 Nf6 25. Nc6 Ng4 26. Bf4 $16 {[%csl Gf4]} a4 27. f3 Re8 28. e4 {
La position Noire devient difficile} Nf6 29. Nd4 Nxd4 30. Rxd4 g5 31. Rb4 $1
Qc5 32. Rc4 Qb5 33. Be3 g4 34. fxg4 Nxg4 35. Bf4 Nf6 36. Rb4 Qh5 {[%cal Gf6g4]}
37. Rxa4 Nxe4 $1 $13 {[%csl Gh3][%cal Ge4g5]} 38. Rd4 (38. Rxe4 Qd5 {[%cal
Gf7f5]} 39. Be5 Rxe5 (39... f5 40. Qc4) 40. Kf3) 38... Ng5 $40 39. Qd3 $4 Qh3+
40. Kg1 Nf3+ 41. Qxf3 Re1+ 42. Kf2 Qf1# 0-1

[Event "Rohde op 07th"]
[Site "Sautron"]
[Date "2007.10.31"]
[Round "6"]
[White "Das, Arghyadip"]
[Black "Vavrak, Peter"]
[Result "1/2-1/2"]
[WhiteElo "2367"]
[BlackElo "2454"]
[Annotator "RR"]
[PlyCount "36"]
[EventDate "2007.10.27"]
[EventType "swiss"]
[EventRounds "9"]
[EventCountry "FRA"]
[SourceTitle "EXT 2008"]
[Source "ChessBase"]
[SourceDate "2007.11.25"]
[SourceVersion "1"]
[SourceVersionDate "2007.11.25"]
[SourceQuality "1"]

1. d4 Nf6 2. c4 e6 3. Nf3 b6 4. g3 Ba6 5. Qa4 (5. b3 {La ligne principale
jouée contre MAZE} Bb4+ 6. Bd2 Be7 {Maze,S (2576)-Vavrak,P (2454) Rohde op 7th
2007 (4.1) 1-0}) (5. Qb3 $5 Nc6 {[%cal Gc6a5,Ga5b3,Ga5c4]} 6. Nbd2 (6. Bd2 {
[%cal Gd2a5]} Bb7 $1 7. Bc3) 6... Na5 7. Qa4 $13) 5... Bb7 (5... c5 $5 6. Bg2
Bb7 7. dxc5 (7. O-O cxd4 $132) 7... Bxc5 (7... bxc5 $5 {[%csl Gb4,Gd4]} 8. O-O
Be7 9. Nc3 O-O 10. Rd1 Qb6 $1 11. Bf4 d6 12. Rd2 Nc6 13. Bxd6 Bxd6 14. Rxd6
Qxb2 15. Rb1 Qxc3 16. Rxb7 Nd4 $40) 8. O-O O-O 9. Nc3 Be7 10. Rd1 Na6 {[%cal
Ga6c5,Gc5a4]}) (5... c6 $6 {la mode au début des années 80 mais les blancs ont
trouvé des bonnes suites.} 6. Nc3 b5 7. cxb5 cxb5 8. Nxb5 Qb6 9. Nc3 Bb4) 6.
Bg2 Be7 (6... c5 {la ligne principale} 7. dxc5 Bxc5 (7... bxc5 {[%csl Gb4]}) 8.
O-O O-O 9. Nc3) 7. O-O O-O 8. Nc3 Ne4 (8... c5) 9. Nxe4 Bxe4 10. Nh4 {[%cal
Gg2e4] Une nouveauté dans cet ordre de coups mais après la prise en g2, on
retombe sur la variante 10. Ne1 joué également par l'indien auparavant} ({RR} 
10. Ne1 {[%cal Ge1g2]} d5 (10... Bxg2) 11. Bf4 c5 12. dxc5 Bxc5 13. Rd1 Qe8 14.
Qxe8 Rxe8 15. cxd5 exd5 16. Rxd5 Nc6 17. Bxe4 Rxe4 18. Nd3 Rxe2 19. Nxc5 bxc5
20. Rc1 Nb4 21. Rdxc5 h6 22. Rc8+ Rxc8 23. Rxc8+ Kh7 24. a3 Nd3 {Das,A (2324)
-Sangma,R (2214)/Goa 2002/CBM 091 ext/1-0 (72)}) 10... Bxg2 (10... f5 $5 $146 {
[%csl Rh4][%cal Ge7h4]} 11. Bxe4 (11. Nf3 Bf6 $11 {[%csl Rd4]}) 11... fxe4 12.
Ng2 Nc6 $5 13. Rd1 e5 $1 $132 14. d5 (14. dxe5 Nxe5 $132 (14... Bc5 $5 {
[%csl Rf2]})) 14... Nd4 {[%csl Re2]}) 11. Nxg2 f5 $146 ({RR} 11... Nc6 12. d5
Nd4 13. Qd1 Bf6 14. Bd2 exd5 15. Bc3 Nf5 16. cxd5 Re8 17. Qd3 Nd6 18. Rac1 Ne4
19. Bxf6 Qxf6 {1/2-1/2 Gulko,B (2565)-Chernin,A (2580)/Amsterdam 1987/CBM 003})
12. Rd1 Bf6 $11 13. Be3 Qe7 14. Rac1 Nc6 $1 {[%cal Ge6e5]} 15. a3 e5 16. dxe5
Nxe5 17. Bf4 d6 18. Qc2 g5 {La position était intéressante et malheureusement
les deux joueurs n'ont pas respecté l'obligation du nombre minimal des 25
coups mais l'indien a privilégié ses chances de norme de GMI.} 1/2-1/2

[Event "Sautron op 15th"]
[Site "Sautron"]
[Date "2015.10.24"]
[Round "3.7"]
[White "Barbot, Pierre"]
[Black "Ibrahim, Hatim"]
[Result "0-1"]
[WhiteElo "2447"]
[BlackElo "2311"]
[Annotator "RR"]
[PlyCount "68"]
[EventDate "2015.10.24"]
[EventType "swiss"]
[EventRounds "9"]
[EventCountry "FRA"]
[SourceTitle "CBM 169 Extra"]
[Source "ChessBase"]
[SourceDate "2015.12.18"]
[SourceVersion "1"]
[SourceVersionDate "2015.12.18"]
[SourceQuality "1"]
[TimeControl "40/5400+30:1800+30"]
[WhiteClock "0:06:31"]
[BlackClock "0:09:23"]

1. d4 {[%emt 0:00:00]} Nf6 {[%emt 0:00:00]} 2. c4 {[%emt 0:00:00]} e6 {[%emt 0:
00:22]} 3. Nf3 {[%emt 0:00:00]} b6 {[%emt 0:00:37]} 4. g3 {[%emt 0:00:00]} Ba6
{[%emt 0:00:20]} (4... Bb7) 5. Qb3 {[%emt 0:00:00]} (5. Qc2) (5. b3 {La grande
ligne} Bb4+ (5... Bb7 6. Bg2 Bb4+ 7. Bd2 a5) 6. Bd2 Be7) 5... Nc6 $1 {[%emt 0:
01:21][%cal Gc6a5,Ga5b3,Ga5c4] Exploitant la position un peu artificielle de
la Qb3} 6. Nbd2 {[%emt 0:01:01][%cal Gd2c4,Ge2e4]} (6. Bd2 $5 {[%csl Ga5]} Rb8
{[%cal Gb8b3]} 7. Bg2 Na5 $5 {[%cal Gb8b3]}) 6... Bb7 {[%emt 0:01:57]} (6...
Na5 7. Qa4 Bb7 8. Bg2 Rc8 9. c5 Nc6 10. Ne5 Nd5 11. Nd3 a5 12. O-O Ba6 13. Ne4
b5 14. Qd1 Nxd4 15. Nf4 Nxf4 16. Bxf4 Nc6 17. Qb3 b4 18. Rfd1 Bxe2 19. Rd2 Bh5
20. g4 Bg6 21. Rad1 Nb8 22. Qe3 Be7 23. c6 d5 24. Nf6+ gxf6 25. Bxd5 e5 26.
Bxf7+ Kxf7 27. Rxd8 Rhxd8 28. Qb3+ Kg7 29. Be3 Nxc6 30. Rxd8 Rxd8 31. Qe6 Bf7
32. Qf5 Nd4 {0-1 (32) Sargissian,G (2673)-Harikrishna,P (2740) Linares 2015})
7. e4 {[%emt 0:06:15] La ligne critique} Be7 {[%emt 0:02:35]} (7... d5 {
La grande ligne} 8. cxd5 exd5 9. e5) 8. d5 $5 {[%emt 0:02:42]} (8. Bg2 O-O 9.
O-O d6 10. d5 $14 {Aronian,L (2648)-Schmaltz,R (2527) GER-ch Internet g/5'
blitz 2004 (10) 1-0}) 8... exd5 {[%emt 0:02:36]} 9. exd5 {[%emt 0:02:25]} Nb4 {
[%emt 0:09:27]} (9... Na5) 10. Bg2 {[%emt 0:07:06]} O-O {[%emt 0:02:00]} 11.
O-O {[%emt 0:01:17]} c6 $1 {[%emt 0:06:38]} 12. a3 {[%emt 0:06:09]} Na6 {
[%emt 0:00:25]} 13. dxc6 {[%emt 0:00:03]} dxc6 {[%emt 0:01:21]} 14. Qc3 $146 {
[%emt 0:05:19]} (14. Ne5 Qc7 15. Ndf3 Nc5 16. Qc2 a5 17. Bd2 Nce4 18. Bf4 Bd6
19. Nd3 c5 20. a4 Rad8 21. Rad1 h6 22. Bc1 Rfe8 23. Nh4 Qc8 24. b3 Bf8 25. Bb2
Ng4 26. h3 Ngf6 27. Kh2 Bd6 28. f4 Nh5 29. g4 Nhg3 30. Rf3 Be7 31. Rxg3 Nxg3
32. Bxb7 Qxb7 33. Kxg3 Bxh4+ 34. Kxh4 Re3 35. Nf2 Rxd1 36. Nxd1 Qe7+ 37. g5
hxg5+ 38. fxg5 Re4+ 39. Kg3 Qxg5+ 40. Kf2 Qf5+ 41. Kg3 Rg4+ {0-1 (41)
Percivaldi,M (2310)-Brunello,S (2539) Helsingor 2015}) 14... Nc5 {[%emt 0:05:
05]} 15. b4 {[%emt 0:04:43]} Nd3 {[%emt 0:11:58]} 16. Nd4 {[%emt 0:00:34]} Nxc1
{[%emt 0:02:47]} 17. Raxc1 {[%emt 0:00:02]} Qd7 {[%emt 0:02:21]} 18. Rfe1 {
[%emt 0:08:02]} Rfe8 {[%emt 0:02:40]} 19. c5 {[%emt 0:23:42]} bxc5 {[%emt 0:01:
10]} 20. bxc5 {[%emt 0:00:02]} Rad8 {[%emt 0:01:29]} 21. N2b3 {[%emt 0:00:24]
[%csl Rb7,Rc6][%cal Gb3a5]} Nd5 {[%emt 0:03:48]} 22. Qc4 {[%emt 0:00:04]} Qc7 {
[%emt 0:10:17]} 23. Qa4 {[%emt 0:00:35]} Ba8 {[%emt 0:08:53]} 24. Na5 $13 {
[%emt 0:01:31]} Bg5 $1 {[%emt 0:06:17] Les pièces Blanches sont un peu
désorganisées} 25. f4 {[%emt 0:14:22]} Nxf4 $1 {[%emt 0:00:36]} 26. gxf4 {
[%emt 0:00:18]} Bxf4 {[%emt 0:00:15][%csl Ra4]} 27. Naxc6 $2 {[%emt 0:05:02]} (
27. Nab3 Bxc1 28. Rxc1 {[%csl Ra8] Et les Blancs peuvent peut-être tenir la
position}) 27... Bxc1 {[%emt 0:01:08]} 28. Rxc1 {[%emt 0:00:01]} Qf4 {[%emt 0:
02:11]} 29. Rf1 {[%emt 0:00:01]} (29. Nxd8 Qxc1+) 29... Bxc6 {[%emt 0:00:37]}
30. Bxc6 {[%emt 0:04:51]} Qe3+ {[%emt 0:03:37]} 31. Kh1 {[%emt 0:00:48]} Rxd4 {
[%emt 0:00:07]} 32. Qxa7 {[%emt 0:00:06]} Rf8 {[%emt 0:00:17]} 33. Bg2 {
[%emt 0:01:14]} Rc4 {[%emt 0:01:52]} 34. Bd5 {[%emt 0:01:50]} Rc1 {[%emt 0:00:
33]} 0-1

[Event "Nanjing Pearl Spring 3rd"]
[Site "Nanjing"]
[Date "2010.10.27"]
[Round "7"]
[White "Topalov, Veselin"]
[Black "Bacrot, Etienne"]
[Result "1-0"]
[WhiteElo "2803"]
[BlackElo "2716"]
[Annotator "RR"]
[PlyCount "73"]
[EventDate "2010.10.20"]
[EventType "tourn"]
[EventRounds "10"]
[EventCountry "CHN"]
[EventCategory "21"]
[SourceTitle "CBM 139"]
[Source "ChessBase"]
[SourceDate "2010.11.18"]
[SourceVersion "1"]
[SourceVersionDate "2010.11.18"]
[SourceQuality "1"]

1. d4 Nf6 2. c4 e6 3. Nf3 b6 4. g3 Ba6 5. Qc2 Bb7 6. Bg2 c5 7. d5 exd5 8. cxd5
Nxd5 9. O-O Be7 10. Rd1 Nc6 11. Qf5 Nf6 12. e4 d6 13. e5 Qd7 14. Qf4 $5 Nh5 15.
Qc4 O-O 16. Nc3 Rae8 17. Be3 (17. g4 $2 Na5 $1) (17. h3 {/\ 18.g4} Nd4 18. Nxd4
cxd4 19. Qxd4 Bxg2 20. Kxg2 Qb7+ 21. Qd5 Qxd5+ 22. Rxd5 dxe5 23. Rxe5 Nf6 $14 {
/=}) (17. exd6 $5) 17... Nb4 18. Rd2 Ba6 (18... d5) (18... Qe6) 19. Qb3 Nd3 20.
Qa3 Qc8 21. exd6 Bxd6 22. Rad1 (22. Bf1 Bf4 23. Bxd3 Bb7 24. Bxf4 Nxf4 25. Ne1
Nh3+ 26. Kf1 Ng5 27. Be2 Qh3+ 28. Kg1 Qh6 $11 {(Gustafsson)}) 22... Be7 23. Nd5
Nb4 24. Ne5 Nxd5 25. Bxd5 Nf6 26. Bg2 c4 27. Qc3 Bb5 28. h3 Bc5 $2 (28... Qe6
$15) 29. Bxc5 Qxc5 30. Rd5 Nxd5 31. Rxd5 Qc7 32. Rxb5 Rc8 33. Nc6 Rfe8 34. Rb4
Re2 35. Bf3 Re6 36. Rxc4 Rce8 37. Kg2 1-0

[Event "Cappelle op 31st"]
[Site "Cappelle la Grande"]
[Date "2015.03.03"]
[Round "5"]
[White "Bachmann, Axel"]
[Black "Dragun, Kamil"]
[Result "1/2-1/2"]
[WhiteElo "2601"]
[BlackElo "2558"]
[Annotator "RR"]
[PlyCount "72"]
[EventDate "2015.02.28"]
[EventType "swiss"]
[EventRounds "9"]
[EventCountry "FRA"]
[SourceTitle "EXT 2016"]
[Source "ChessBase"]
[SourceDate "2015.10.08"]
[SourceVersion "1"]
[SourceVersionDate "2015.10.08"]
[SourceQuality "1"]

1. Nf3 Nf6 2. c4 e6 3. d4 b6 4. g3 Bb4+ 5. Bd2 Bxd2+ (5... Be7) 6. Qxd2 Ba6 7.
b3 c6 8. Bg2 d5 9. O-O (9. Ne5 Nfd7 10. Nxd7 Nxd7 11. O-O O-O 12. Rc1 Rc8 13.
cxd5 cxd5 14. Rxc8 Qxc8 15. Na3 {1/2-1/2 (15) Goganov,A (2609)-Jakovenko,D 
(2745) Khanty-Mansiysk 2014}) 9... Nbd7 10. Rc1 O-O 11. a4 c5 12. cxd5 $146 (
12. Na3 Bb7 13. b4 Rc8 14. cxd5 Bxd5 15. dxc5 bxc5 16. b5 a6 17. a5 Ne4 18. Qe1
axb5 19. Nxb5 Ra8 20. Nc3 Nxc3 21. Qxc3 Ra6 22. Bf1 Ra7 23. Nd2 Qa8 24. f3 Rc8
25. e4 Bb7 26. Nc4 Qb8 27. Rcb1 Qc7 28. Nb6 Rf8 29. Nxd7 Qxd7 30. Qxc5 Ba6 31.
Rd1 Qb7 32. Bg2 Qa8 33. Rd6 h6 34. h4 Rc8 35. Qd4 Bb5 36. Qb4 Ba6 37. Kh2 Rac7
38. Rad1 Rc2 39. R1d2 Kh7 40. Rd7 Rxd2 41. Qxd2 Kg8 {Postny,E (2652)-Cvitan,O 
(2542) Budva 2009 1-0}) 12... Nxd5 (12... exd5) 13. Nc3 Nxc3 14. Rxc3 Rc8 15.
Rac1 Nf6 16. R3c2 cxd4 17. Rxc8 Bxc8 18. Qxd4 $32 Bb7 19. Qxd8 Rxd8 20. Ne5 (
20. Rc7 Rd1+ 21. Bf1) 20... Ne4 21. Nd3 a5 22. Rc7 Bd5 23. Ne5 f5 (23... f6)
24. Bxe4 Bxe4 25. Nd7 Bd5 26. Nxb6 Bxb3 27. f4 Rd4 28. Ra7 Rb4 29. Ra6 Kf7 30.
Kf2 h6 31. Ra7+ Kg8 32. Nd7 Rxa4 33. Ra8+ Kf7 34. Ra7 Ra3 35. Nc5+ Kf6 36. Nd7+
Kf7 1/2-1/2

[Event "Rohde op 06th"]
[Site "Sautron"]
[Date "2006.10.31"]
[Round "5"]
[White "Potkin, Vladimir"]
[Black "Salaun, Yann"]
[Result "1-0"]
[WhiteElo "2580"]
[BlackElo "2340"]
[Annotator "RR"]
[PlyCount "133"]
[EventDate "2006.10.28"]
[EventType "swiss"]
[EventRounds "9"]
[EventCountry "FRA"]
[SourceTitle "EXT 2007"]
[Source "ChessBase"]
[SourceDate "2006.11.23"]
[SourceVersion "1"]
[SourceVersionDate "2006.11.23"]
[SourceQuality "1"]

1. d4 Nf6 2. c4 e6 3. Nf3 b6 4. g3 Ba6 5. Qc2 $1 {la variante а la mode depuis
quelques mois contre Ba6 car les blancs ont trouvé quelques nouvelles idées
pour obtenir l'inititiative} d5 (5... c5 {La réponse principale qui amène un
jeu plus dynamique. Les blancs doivent souvent sacrifier un P mais le MI
préfère le jeu positionnel.} 6. d5 $1) (5... Bb7 6. Bg2 c5 7. d5 $1 {Le
sacrifice qui a donné une seconde jeunesse а la variante 5. Qc2} exd5 {le plus
étonnant est de voir que sur 26 parties recencées а ce jour sur le serveur
ChessBase avec 6.d5, 14 parties ont été jouées en 2006! C'est vraiment la
variante а la mode а haut niveau} 8. cxd5 (8. Nh4 $143) 8... Bxd5 (8... Nxd5 9.
O-O {[%cal Gg2b7]} Be7 {Rodshtein,M (2517)-Pashikian,A (2527) Wch U20 Yerevan 
(13) 1-0}) 9. Nc3 Bc6 (9... Bxf3 $5 {une idée logique donnant la paire de B
pour essayer de garder l'avantage du P de plus mais les quelques essais
pratiques ne donnent pas des résultats trés concluants pour les noirs.} 10.
Bxf3 Nc6 {[%cal Gf8e7,Ge8g8,Gd7d5,Ga8c8]} 11. Qa4 $1 {[%cal Gf3c6]} Rc8 12. Bf4
$1 Be7 13. O-O-O $1 $36 {Nisipeanu,L (2690)-Baklan,V (2622) ROM-chT div-A (9)
1-0 La conception récente de la variante, le OOO donne une bonne initiative
aux blancs}) 10. e4 {[%cal Gc1f4,Ge1c1]} Be7 11. Bf4 O-O 12. O-O-O Na6 {
[%cal Ga6b4]} 13. a3 $44) 6. cxd5 exd5 (6... Nxd5 $143 7. Bg2) 7. Bg2 Bb4+ 8.
Nc3 O-O 9. O-O Re8 ({RR} 9... h6 10. Ne5 Bxc3 11. bxc3 c6 12. Rd1 Qd6 13. c4
Qe6 14. Bb2 Rc8 15. Rac1 Nbd7 16. e3 Bb7 17. Nd3 Qe8 18. Nf4 Ne4 19. Qa4 b5 20.
cxb5 Nb6 21. Qb3 cxb5 22. Nd3 Rxc1 23. Rxc1 Nd2 24. Qc2 {Rodriguez Vargas,O 
(2455)-Kurajica,B (2585)/Manila 1992/TD/1-0 (44)}) 10. Ne5 $1 $146 {[%cal
Gg2a8] une forte nouveauté} ({RR} 10. Re1 c5 11. a3 Bxc3 12. bxc3 Nbd7 13. e3
Qc7 14. Qa4 Bd3 15. Bb2 b5 16. Qd1 Be4 17. Bf1 c4 18. Nd2 Bg6 19. Bg2 Nb6 20.
f3 Na4 21. Qc1 Qc6 22. Ra2 Re7 23. Ba1 Rae8 24. Nf1 a5 {Lilloni,L-Gereben,E/
San Benedetto 1957/EXT 2000/0-1 (35)}) 10... h6 $6 {l'idée d'ôter la
possibilité Bg5 aux blancs avec une pression indirecte sur le Pd5 est logique
mais c'est peut-être l'origine des problèmes а venir dans la position de yann
SALAÜN. En effet, l'idée est probablement erronée pour plusieurs raisons:  -
Le retard de dévelloppement s'accentue. - La position habituelle de
développement est plutôt Bf4 que Bg5 et "h6" donnerait un tempo de plus aux
blancs. - les cases "g6" et "f5" s'affaiblissent.} 11. Bf4 $1 Bb7 (11... c5
$143 12. dxc5 Bxc3 (12... bxc5 $2 13. Nxd5 Nxd5 14. Rfd1 Bb7 15. a3 Ba5 16.
Bxd5 Bxd5 17. e4 $40) 13. Qxc3) 12. Rac1 c6 13. Qb3 $1 {[%csl Rf7][%cal Gb3g8,
Ge2e4,Gb3b4] Un coup multi fonction: le GMI gagne un tempo sur le B tout en
faisant pression sur la diagonale "a2g8"} Qe7 {[%cal Ge7b4,Ge7f7]} (13... Bxc3
14. bxc3 $16) 14. a3 Bd6 15. e4 $1 {[%cal Gf1e1]} dxe4 (15... g5 16. Nxf7 $1
gxf4 17. Nxh6+ Kh8 18. Nf5 Qe6 19. Nxd6 Qxd6 20. e5 Qe6 21. exf6) (15... Bxe5
$142 16. Bxe5 dxe4 17. Nxe4 Nxe4 18. Bxe4 Nd7 19. f4 $1 {le français a évité
la perte d'un P mais les blancs gardent une initiative durable} Rac8 20. Rfe1 (
20. Bf5 $5 {[%cal Gf5c8]}) 20... Nxe5) 16. Nxf7 $1 {[%csl Rd6] Une petite
combinaison concrétisant la domination blanche. Ce qui est frappant est
l'absence de mauvais coup apparent de la part des noirs et c'est pourquoi 10.
h6 a sans doute été une faute exploitée par le GMI} Qxf7 17. Qxf7+ Kxf7 18.
Bxd6 $16 {la paire de B et le P de plus donne un net avantage aux blancs. Au
surplus, le MI est en retard de développement.} Nbd7 19. f3 $1 c5 $2 (19...
exf3 $8 20. Bxf3 {[%csl Rb7,Rc6]}) 20. Nxe4 Ba6 21. Rfd1 $40 cxd4 22. Rc7 (22.
Rxd4 Rac8 23. Bc7 $1 {[%cal Ge4d6]}) 22... Kg6 23. Rxd4 Rac8 24. Kf2 $2 {
les deux jours commencaient а être en manque de temps} (24. Rxc8 $142 Rxc8 25.
Rd2 {[%csl Rc2]}) 24... Rxc7 25. Bxc7 Nc5 {[%cal Ge8e2]} 26. Rd8 (26. Bf4 Nd3+
{[%cal Gd3f4,Gd3b2]}) 26... Re7 (26... Nfxe4+ 27. fxe4 Re7 28. Bb8) 27. Bb8
Nd3+ 28. Ke3 Nxb2 29. Kd4 Na4 $6 {Les pièces noires mal placées sur la colonne
"a" vont donner naissance а des menaces tactiques comme la prise du Pa7 par la
R avec échec et double attaque.} (29... Nc4 $142 $5) 30. Nxf6 $6 {permet а la
Re7 de rentrer en 7ème rangée} (30. Bd6) 30... Kxf6 31. f4 Re2 $1 {j'ai
assisté а cette phase de la partie avant le contrôle du temps et les deux
joueurs avaient moins de deux minutes pour passer le 40ème coup.} 32. Be5+ Ke7
33. Ra8 $1 {[%cal Ga8a7]} Rd2+ $1 {en grand zeitnot, le MI cherche а gagner du
temps avec l'incrément de la cadence FISCHER tout en s'approchant du contrôle
du 40ème coup.} 34. Ke3 Rd3+ 35. Kf2 Rd2+ 36. Ke1 Rxg2 $6 (36... Re2+ $1 {
30 s de plus!} 37. Kd1 Rxg2 38. Rxa7+ Ke6 39. Rxa6 Nb2+ {l'intérêt d'avoir
joué 36. Re2 était aussi de permettre cet échec intermédiaire qui réduit les
possibilités des blancs}) 37. Rxa7+ Ke6 $2 (37... Bb7 $1 38. Rxb7+ Ke6 39. Rxg7
Rxh2 40. g4 Kd5 41. Rg6 Nc5 {[%cal Gc5d3,Gd3e5,Gd3e1]} 42. Kf1 Nd3 43. Kg1 Nxe5
44. fxe5 Ra2 $11) 38. Rxa6 Nc5 39. Rxb6+ Kd5 40. Kf1 (40. Bxg7) 40... Rxh2 41.
Rb2 $6 (41. Bxg7) 41... Rxb2 42. Bxb2 g6 43. Bg7 h5 44. Kg2 Ke4 45. Bh6 Na4 46.
Bg5 Nc3 47. Bd8 {le B domine le N avec cette position ouverte et des P sur les
deux ailes.} Na4 48. Kh3 Kf5 49. Kh4 Nc3 50. Be7 Nd5 51. Bd6 Nc3 52. Be5 (52.
Bb4) 52... Ne4 $6 (52... Na4) 53. a4 Ke6 54. a5 $18 Kd5 55. a6 Kc6 56. Bd4 Kc7
57. Be3 Kb8 58. Kh3 Nd6 59. Kg2 Kc7 60. Kf3 Kc6 61. Bf2 Nf5 62. Ke4 Nh6 63. a7
Kb7 64. Kd5 Ng4 65. Bg1 Nf6+ 66. Ke5 Ng4+ 67. Ke6 (67. Ke4 {Ke4 saisi а tort
par le bulletin}) 1-0